000 00694nam a2200181Ia 4500
008 151202s9999||||xx |||||||||||||| ||und||
082 _bPNVM-44534
100 _aजोशी सुहास.
245 _aकशासाठी यशस्वी होण्यासाठी.
260 _b"मॅजेस्टिक प्रकाशन,गिरगाव."
260 _c2002
300 _a192
600 _aजोशी सुहास.
630 _aकशासाठी यशस्वी होण्यासाठी.
700 _aजोशी सुहास.
730 _aकशासाठी यशस्वी होण्यासाठी.
942 _cBOOK
999 _c1310486
_d1310483